Etnické konflikty
Uložené v:
| Hlavný autor: | |
|---|---|
| Médium: | Kniha |
| Jazyk: | Slovak |
| Vydavateľské údaje: |
Praha
Portál
2007
|
| Predmet: | |
| Tagy: |
Žiadne tagy, Buďte prvý, kto otaguje tento záznam!
|
MARC
| LEADER | 00000nam a2200000 4500 | ||
|---|---|---|---|
| 001 | 0242301 | ||
| 005 | 20240314092944.8 | ||
| 020 | |a 978-80-7367-097-9 | ||
| 041 | 0 | |a slo | |
| 044 | |a SK | ||
| 245 | 1 | 0 | |a Etnické konflikty |c Filip Tesař |
| 264 | 1 | |a Praha |b Portál |c 2007 | |
| 300 | |a 251 s. | ||
| 610 | 2 | 0 | |a konflikty etnické |
| 610 | 2 | 0 | |a národ |
| 610 | 2 | 0 | |a národnosti |
| 610 | 2 | 0 | |a etnikum |
| 610 | 2 | 0 | |a rasizmus |
| 610 | 2 | 0 | |a xenofóbia |
| 610 | 2 | 0 | |a vojny |
| 610 | 2 | 0 | |a terorizmus |
| 100 | 1 | |a Tesař, Filip | |